Principles of electromechanical-energy conversion (Record no. 23169)

000 -LEADER
fixed length control field 00596nam a22002051 4500
001 - CONTROL NUMBER
control field 23169
003 - CONTROL NUMBER IDENTIFIER
control field BD-DhUET
008 - FIXED-LENGTH DATA ELEMENTS--GENERAL INFORMATION
fixed length control field 730301s1966 xx 000 0 eng
040 ## - CATALOGING SOURCE
Original cataloging agency DLC
Transcribing agency DLC
Modifying agency BD-DhUET
082 ## - DEWEY DECIMAL CLASSIFICATION NUMBER
Classification number 623.13
Item number MEI/1966
100 ## - MAIN ENTRY--PERSONAL NAME
Personal name Meisel, Jerome
245 10 - TITLE STATEMENT
Title Principles of electromechanical-energy conversion
250 ## - EDITION STATEMENT
Edition statement 1st ed.
260 ## - PUBLICATION, DISTRIBUTION, ETC. (IMPRINT)
Place of publication, distribution, etc. New York
Name of publisher, distributor, etc. McGraw-Hill
Date of publication, distribution, etc. 1966
300 ## - PHYSICAL DESCRIPTION
Extent xvii, 639p.
Other physical details ill.
490 ## - SERIES STATEMENT
Series statement McGraw-Hill electrical and electronic engineering series
504 ## - BIBLIOGRAPHY, ETC. NOTE
Bibliography, etc Includes bibliographies
650 #0 - SUBJECT ADDED ENTRY--TOPICAL TERM
Topical term or geographic name as entry element Mechinery: Electrical engineering
942 ## - ADDED ENTRY ELEMENTS (KOHA)
Koha item type General Book
Holdings
Koha date last seen Withdrawn status Date acquired Piece designation (barcode) Lost status Shelving location Source of classification or shelving scheme Koha full call number Not for loan Price effective from Copy number Koha normalized classification for sorting Koha item type Location (home branch) Sublocation or collection (holding branch) Damaged status
2015-05-03 2015-05-0311878 Circulation section 623.13/MEI/1968 2015-05-031623_130000000000000_MEI_1968General BookCentral Library, BUETCentral Library, BUET 
2015-05-03 2015-05-0311877 Circulation section 623.13/MEI/1966 2015-05-032623_130000000000000_MEI_1966General BookCentral Library, BUETCentral Library, BUET 
2015-05-03 2015-05-0311875 Circulation section 623.13/MEI/1966 2015-05-033623_130000000000000_MEI_1966General BookCentral Library, BUETCentral Library, BUET 
2015-05-03 2015-05-0311438 Circulation section 623.13/MEI/1966 2015-05-034623_130000000000000_MEI_1966General BookCentral Library, BUETCentral Library, BUET 
2015-05-03 2015-05-0311876 Circulation section 623.13/MEI/1966 2015-05-035623_130000000000000_MEI_1966General BookCentral Library, BUETCentral Library, BUET 
2015-05-03 2015-05-0311437 Circulation section 623.13/MEI/1966 2015-05-036623_130000000000000_MEI_1966General BookCentral Library, BUETCentral Library, BUET 
2015-05-03 2015-05-0311879 Circulation section 623.13/MEI/1966 2015-05-037623_130000000000000_MEI_1966General BookCentral Library, BUETCentral Library, BUET 
2015-05-03 2015-05-0384929 Circulation section 623.13/MEI/1966 2015-05-038623_130000000000000_MEI_1966General BookCentral Library, BUETCentral Library, BUET 
2015-05-07 2015-05-0715539 Circulation section 623.13/MEI/1966 2015-05-079623_130000000000000_MEI_1966General BookCentral Library, BUETCentral Library, BUET 
2015-07-12 2015-07-1239251 Circulation section 623.13/MEI/1966 2015-07-1210623_130000000000000_MEI_1966General BookCentral Library, BUETCentral Library, BUET